000 00829nam a22002297a 4500
999 _c10938
_d10938
003 AR-CdUCM
008 190402b ||||| |||| 00| 0 spa d
040 _aMUNICIPALIDAD PROVINCIAL DEL CUSCO
_cBIBLIOTECA MUNICIPAL DEL CUSCO
082 _aC / 985.02 /
_bP78
100 _aPortilla Salas, Pedro Hernán
_95960
245 _aEl engendro de aquel mundo /
260 _aCusco :
_bMunicipalidad del Cusco,
_c1993.
300 _a108 paginas ;
_bcuadros,
_c20 cm.
505 _aContenido:La invasión Española y el mundo Andino -- La vía Crucis Andina -- La justicia en la tierra de nadie.
650 _aPerú
_935
650 _aHistoria
_9136
650 _aAspectos sociales
_9262
650 _aDescubrimiento y Conquista, 1522-1536
_919348
710 _aMunicipalidad del Cusco.
_9876
942 _2ddc
_cLIBROS
945 _aachl